MARC details
| 000 -CABECERA |
| campo de control de longitud fija |
02516nam a2200385Ia 4500 |
| 001 - NÚMERO DE CONTROL |
| campo de control |
dia_857 |
| 003 - IDENTIFICADOR DEL NÚMERO DE CONTROL |
| campo de control |
CHAP |
| 005 - FECHA Y HORA DE LA ÚLTIMA TRANSACCIÓN |
| campo de control |
20251030141232.0 |
| 007 - CAMPO FIJO DE DESCRIPCIÓN FÍSICA--INFORMACIÓN GENERAL |
| campo de control de longitud fija |
ta |
| 008 - DATOS DE LONGITUD FIJA--INFORMACIÓN GENERAL |
| campo de control de longitud fija |
220117s1990 mx d frm 001 0 spa d |
| 010 ## - NÚMERO DE CONTROL DE LA BIBLIOTECA DEL CONGRESO |
| Número de control de LC |
171406 |
| 040 ## - FUENTE DE LA CATALOGACIÓN |
| Centro/agencia transcriptor |
CHAP |
| Centro catalogador/agencia de origen |
mxchpua |
| Normas de descripción |
rda |
| 041 0# - CÓDIGO DE LENGUA |
| Código de lengua del texto/banda sonora o título independiente |
spa |
| Código de lengua del sumario o resumen |
spa |
| 090 ## - LOCALMENTE ASIGNADO TIPO-LC NÚMERO DE CLASIFICACIÓN (OCLC); NÚMERO DE CLASIFICACIÓN LOCAL (RLIN) |
| Número de clasificación (OCLC) (R) ; Numero de clasificación, CALL (RLIN) (NR) |
Tesis |
| Número cutter local (OCLC) ; Número de libro/Signatura topográfica íntegra, CALL (RLIN) |
T74 |
| año |
1990 |
| 100 1# - ENTRADA PRINCIPAL--NOMBRE DE PERSONA |
| Nombre de persona |
Trejo Martínez, Marco Antonio |
| 245 13 - MENCIÓN DE TÍTULO |
| Título |
Aplicación de la regresión múltiple para caracterizar el consumo de fresa (Fragaria vesca) en México / |
| Mención de responsabilidad, etc. |
Marco Antonio Trejo Martínez |
| 264 ## - PRODUCCIÓN, PUBLICACIÓN, DISTRIBUCIÓN, FABRICACIÓN Y COPYRIGHT |
| Producción, publicación, distribución, fabricación y copyright |
Chapingo, México : |
| Nombre del de productor, editor, distribuidor, fabricante |
El autor, |
| Fecha de producción, publicación, distribución, fabricación o copyright |
1990 |
| 300 ## - DESCRIPCIÓN FÍSICA |
| Extensión |
iii, 123 hojas : |
| Otras características físicas |
gráficas, diagramas, tablas |
| 336 ## - TIPO DE CONTENIDO |
| Fuente |
rdacontent |
| Término de tipo de contenido |
texto |
| Código de tipo de contenido |
txt |
| 337 ## - TIPO DE MEDIO |
| Fuente |
rdamedia |
| Nombre/término del tipo de medio |
no mediado |
| Código del tipo de medio |
n |
| 338 ## - TIPO DE SOPORTE |
| Fuente |
rdacarrier |
| Nombre/término del tipo de soporte |
volumen |
| Código del tipo de soporte |
nc |
| 502 ## - NOTA DE TESIS |
| Nota de tesis |
Tesis |
| Tipo de título |
(Ingeniero Agroindustrial) -- |
| Nombre de la institución que otorga el título |
UACh. Departamento de Ingeniería Agroindustrial, |
| Año de obtención del título |
1990 |
| 504 ## - NOTA DE BIBLIOGRAFÍA, ETC. |
| Nota de bibliografía, etc. |
Bibliografía: hojas 92-94 |
| 520 3# - SUMARIO, ETC. |
| Sumario, etc. |
El presente trabajo de investigación esta genmarcado en el contexto del mercado nacional de la fresa, dirigido a identificación de los distintos factores que influyen en el consumo aparente de este bien. Las herramientas estadístico-económicas fueron el eje principal para que el logro de los objetivos. Un modelo hipotético que involucraba al consumo aparente como Ia variable a explicar y otras, en el lugar de las variables explicatorias, fue sometido al procedimiento STEPWISE S.A.S. para seleccionar el mejor modelo. El modelo al seleccionado establece una relación que explica el consumo aparente a través de las de variables: población total, población económicamente activa, tipo de cambio, rendimiento y producción. La inferencia estadística reveló que cada uno de los parámetros tiene una influencia significativa sobre la variable dependiente. De igual manera mostró que el modelo se ajusta con un alto grado de significancia. A través del cálculo de elasticidades y tasas de cambio se obtuvo el orden de importancia de cada una de Ias variables explicatorias por su efecto sobre el consumo aparente. |
| 650 13 - PUNTO DE ACCESO ADICIONAL DE MATERIA--TÉRMINO DE MATERIA |
| Término de materia o nombre geográfico como elemento de entrada |
Fresas |
| Fuente del encabezamiento o término |
atg |
| Subdivisión general |
Consumo de fruta |
| 650 13 - PUNTO DE ACCESO ADICIONAL DE MATERIA--TÉRMINO DE MATERIA |
| Término de materia o nombre geográfico como elemento de entrada |
Strawberries |
| Fuente del encabezamiento o término |
atg |
| Subdivisión general |
Fruit consumption |
| 700 1# - PUNTO DE ACCESO ADICIONAL--NOMBRE DE PERSONA |
| Nombre de persona |
Portillo Vázquez, Marcos |
| Término indicativo de función/relación |
director |
| 700 1# - PUNTO DE ACCESO ADICIONAL--NOMBRE DE PERSONA |
| Nombre de persona |
Santoyo Cortés, Vinicio Horacio |
| Término indicativo de función/relación |
asesor |
| 700 1# - PUNTO DE ACCESO ADICIONAL--NOMBRE DE PERSONA |
| Nombre de persona |
Vence Garduño, Javier |
| Término indicativo de función/relación |
asesor |
| 901 ## - ELEMENTOS DE DATOS A LOCAL LDA (RLIN) |
| a |
TESIS T74 1990 |
| 942 ## - ELEMENTOS DE PUNTO DE ACCESO ADICIONAL (KOHA) |
| Tipo de ítem Koha |
TESIS |
| Fuente del sistema de clasificación o colocación |
Clasificación Universidad Autónoma Chapingo |
| 902 ## - ELEMENTOS DE DATOS B LOCAL, LDB (RLIN) |
| a |
M |
| 905 ## - ELEMENTOS DE DATOS E LOCAL, LDE (RLIN) |
| a |
0000001990 mx 0000000000spa00 |